Journal of the American Oriental Society.
"Proceedings" or "Select minutes of meetings" are included in each volume (except v. 3, 12).
Spremljeno u:
| Autor kompanije: | |
|---|---|
| Format: | Žurnal |
| Jezik: | English |
| Izdano: |
New Haven [etc.]
American Oriental Society.
|
| Teme: | |
| Oznake: |
Dodaj oznaku
Bez oznaka, Budi prvi tko označuje ovaj zapis!
|
| Thư viện lưu trữ: | Thư viện Trường Đại học Đà Lạt |
|---|
| LEADER | 01293nam a2200361 4500 | ||
|---|---|---|---|
| 001 | DLU110130941 | ||
| 005 | ##20111227 | ||
| 022 | # | # | |a 0003-0279 |l 0003-0279 |2 1 |
| 040 | # | # | |a DLC |c DLU |d DLU |
| 041 | # | # | |a eng |
| 043 | # | # | |a a------ |
| 110 | # | # | |a American Oriental Society. |
| 210 | # | # | |a J. Am. Orient. Soc. |
| 222 | # | # | |a Journal of the American Oriental Society |
| 245 | # | # | |a Journal of the American Oriental Society. |
| 260 | # | # | |a New Haven [etc.] |b American Oriental Society. |
| 300 | # | # | |a v. |b ill., ports., maps, facsims. |c 23-27 cm. |
| 310 | # | # | |a Frequency varies |
| 362 | # | # | |a v. 1- 1843/49- |
| 520 | # | # | |a "Proceedings" or "Select minutes of meetings" are included in each volume (except v. 3, 12). |
| 520 | # | # | |a List of members in each volume. |
| 530 | # | # | |a Also available in microfilm from University Microfilms International. |
| 530 | # | # | |a Also issued online. |
| 555 | # | # | |a Vols. 1-20, 1843/49-1899 (Issued as v. 21, pt. 1) 1 v.; Vols. 21-40, 1900-20, in v. 44; Vols. 21-60, 1900-40 (Issued as American Oriental series, v. 40) 1 v. |
| 610 | # | # | |a American Oriental Society. |
| 650 | # | # | |a Oriental philology. |
| 900 | # | # | |a True |
| 911 | # | # | |a Trương Bảo Trâm Anh |
| 925 | # | # | |a G |
| 926 | # | # | |a A |
| 927 | # | # | |a TT |
| 980 | # | # | |a Thư viện Trường Đại học Đà Lạt |